书目信息 |
| 题名: |
动画世界大揭秘
|
|
| 作者: | 艾莉森·塞奇 整理 ;乔恩·斯图尔特 绘 | |
| 分册: | 2 六级 | |
| 出版信息: | 北京 外语教学与研究出版社 2016.06 |
|
| 页数: | 23页 | |
| 开本: | 20cm | |
| 丛书名: | ||
| 单 册: | ||
| 中图分类: | H319.4 | |
| 科图分类: | ||
| 主题词: | 英语 | |
| 电子资源: | ||
| ISBN: | 978-7-5135-7547-8 | |
| 000 | 00907nam0 2200253 450 | |
| 001 | 2657159771 | |
| 005 | 20260626155441.94 | |
| 010 | @a978-7-5135-7547-8 | |
| 100 | @a20260626d2016 km y0chiy0120 ea | |
| 101 | 0 | @achi |
| 102 | @aCN@b110000 | |
| 200 | 1 | @a动画世界大揭秘@ADong Hua Shi Jie Da Jie Mi@e大猫英语分级阅读@h2@i六级@f(英)艾莉森·塞奇整理;(英)乔恩·斯图尔特绘@F(Ying)Ai Li Sen·Sai Qi Zheng Li;(Ying)Qiao En·Si Tu Er Te Hui |
| 210 | @a北京@c外语教学与研究出版社@d2016.06 | |
| 215 | @a23页@d20cm | |
| 300 | @a适合小学四、五年级 | |
| 503 | @n河南城建学院图书馆 | |
| 517 | 1 | @a大猫英语分级阅读@ADa Mao Ying Yu Fen Ji Yue Du |
| 517 | 1 | @a六级@ALiu Ji |
| 606 | 0 | @a英语 |
| 690 | @aH319.4@v4 | |
| 701 | 0 | @a艾莉森·塞奇@AAi Li Sen·Sai Qi@4整理 |
| 702 | 0 | @a乔恩·斯图尔特@AQiao En·Si Tu Er Te@4绘 |
| 801 | 0 | @aCN@b大连网信软件有限公司图书馆·11@c20260626 |
| 905 | @aZUCC@dH319.4@eA3664:6:2 | |
| 动画世界大揭秘:大猫英语分级阅读.2.六级/(英)艾莉森·塞奇整理;(英)乔恩·斯图尔特绘.-北京:外语教学与研究出版社,2016.06 |
| 23页;20cm |
| 适合小学四、五年级 |
| ISBN 978-7-5135-7547-8: |
| ● |
| 相关链接 |
|
|
|
正题名:动画世界大揭秘
索取号:H319.4/A3664:6:2
 
预约/预借
| 序号 | 登录号 | 条形码 | 馆藏地/架位号 | 状态 | 备注 |
| 1 | 1557163 | 215571637 | 外国语学院资料室/ [索取号:H319.4/A3664:6:2] | 在馆 |